[Event "38th NED-ch"]
[Site "Amsterdam NED"]
[Date "1982.03.13"]
[Round "1"]
[White "Baljon, Christofoor"]
[Black "Langeweg, Christian"]
[Result "1/2-1/2"]
[WhiteElo "2320"]
[BlackElo "2410"]
[EventDate "1982.03.13"]
[PlyCount "80"]

1.e4 c5 2.Nf3 e6 3.d4 cxd4 4.Nxd4 Nc6 5.Nc3 a6 6.Be3 Nf6 7.f4 Bb4 8.Nxc6 
bxc6 9.e5 Nd5 10.Bd2 Qb6 11.Bd3 Qd4 12.Nxd5 cxd5 13.Bxb4 Qxb4+ 14.Qd2 Qxb2
15.O-O Rb8 16.Rab1 Qd4+ 17.Kh1 Rxb1 18.Rxb1 g6 19.Qb4 Qxb4 20.Rxb4 Kd8 21.
Kg1 Kc7 22.Kf2 Bb7 23.Ke3 f6 24.Kd4 Rf8 25.g3 fxe5+ 26.Kxe5 Bc8 27.a4 d6+ 
28.Kd4 Bb7 29.a5 Re8 30.Rb6 e5+ 31.Ke3 d4+ 32.Kd2 exf4 33.gxf4 Rf8 34.Bxa6
Bxa6 35.Rxa6 Rxf4 36.Ra7+ Kb8 37.Rxh7 Rf3 38.Rh4 Ra3 39.Rxd4 Rxa5 40.Rxd6 
Rh5 1/2-1/2

[Event "38th NED-ch"]
[Site "Amsterdam NED"]
[Date "1982.03.13"]
[Round "1"]
[White "Kuijf, Hans"]
[Black "Van der Wiel, John"]
[Result "1/2-1/2"]
[WhiteElo "2320"]
[BlackElo "2470"]
[EventDate "1982.03.13"]
[PlyCount "59"]

1.e4 c5 2.f4 b6 3.Nf3 Bb7 4.d3 e6 5.Be2 d5 6.Nbd2 Bd6 7.e5 Bc7 8.c3 Ne7 9.
d4 Qd7 10.a3 a5 11.Nf1 Ba6 12.Ne3 Bxe2 13.Qxe2 Nbc6 14.O-O cxd4 15.Nxd4 
Nxd4 16.cxd4 b5 17.b3 Bb6 18.Bb2 a4 19.b4 Nf5 20.Nxf5 exf5 21.Rae1 O-O 22.
e6 fxe6 23.Qxe6+ Qxe6 24.Rxe6 Rf6 25.Rxf6 gxf6 26.Rc1 Re8 27.Rc6 Ba7 28.
Kf2 Re4 29.g3 Kf7 30.Rc7+ 1/2-1/2

[Event "38th NED-ch"]
[Site "Amsterdam NED"]
[Date "1982.03.13"]
[Round "1"]
[White "Ligterink, Gert"]
[Black "Donner, Jan"]
[Result "1/2-1/2"]
[WhiteElo "2455"]
[BlackElo "2460"]
[EventDate "1982.03.13"]
[PlyCount "42"]

1.e4 d6 2.d4 Nf6 3.Nc3 g6 4.g3 Bg7 5.Bg2 O-O 6.Nge2 e5 7.O-O exd4 8.Nxd4 
Nc6 9.Nde2 Nd7 10.b3 Nc5 11.Bb2 f5 12.exf5 Bxf5 13.Rb1 Qd7 14.Nd5 Bxb2 15.
Rxb2 Rae8 16.c4 Qg7 17.Nec3 Ne4 18.Bxe4 Bxe4 19.f3 Bxd5 20.Qxd5+ Kh8 21.
Qd2 Nd4 1/2-1/2

[Event "38th NED-ch"]
[Site "Amsterdam NED"]
[Date "1982.03.13"]
[Round "1"]
[White "Scheeren, Peter"]
[Black "Kuijf, Marinus"]
[Result "1-0"]
[WhiteElo "2430"]
[BlackElo "2380"]
[EventDate "1982.03.13"]
[PlyCount "73"]

1.d4 d5 2.c4 c6 3.Nf3 Nf6 4.Nc3 e6 5.e3 Nbd7 6.Bd3 dxc4 7.Bxc4 b5 8.Bd3 a6
9.e4 c5 10.d5 c4 11.dxe6 fxe6 12.Bc2 Qc7 13.O-O Bc5 14.Qe2 Ng4 15.h3 Nge5 
16.Kh1 Nxf3 17.Qxf3 Bb7 18.Bg5 Nf6 19.Qe2 e5 20.Bxf6 gxf6 21.a4 b4 22.Nd5 
Bxd5 23.exd5 Bd4 24.d6 Qf7 25.Be4 Rc8 26.Bf5 Rd8 27.d7+ Rxd7 28.Bxd7+ Kxd7
29.f4 Qe6 30.Rad1 Rg8 31.Qe4 Rg3 32.Qxh7+ Kc6 33.fxe5 fxe5 34.Qe4+ Kd6 35.
Rxd4+ exd4 36.Qxd4+ Ke7 37.Qh4+ 1-0

[Event "38th NED-ch"]
[Site "Amsterdam NED"]
[Date "1982.03.13"]
[Round "1"]
[White "Van der Sterren, Paul"]
[Black "Ree, Hans"]
[Result "1/2-1/2"]
[WhiteElo "2470"]
[BlackElo "2475"]
[EventDate "1982.03.13"]
[PlyCount "169"]

1.e4 e5 2.Nf3 Nc6 3.Bb5 a6 4.Ba4 Nf6 5.O-O Be7 6.Re1 b5 7.Bb3 d6 8.c3 O-O 
9.h3 Na5 10.Bc2 c5 11.d4 Qc7 12.Nbd2 cxd4 13.cxd4 Nc6 14.Nb3 a5 15.Be3 a4 
16.Nbd2 Bd7 17.Rc1 a3 18.bxa3 Rxa3 19.Bb3 Qb8 20.Nb1 Ra6 21.Nc3 Na5 22.Nd5
Nxd5 23.Bxd5 Bc6 24.dxe5 dxe5 25.Bc5 Re8 26.Bxe7 Rxe7 27.Bxc6 Nxc6 28.Qd5 
Qb7 29.Red1 h6 30.Nh4 Re8 31.Nf5 Qa8 32.Nd6 Rf8 33.Nxb5 Rd8 34.Qxd8+ Nxd8 
35.Nc7 Qc8 36.Nxa6 Qxa6 37.Rxd8+ Kh7 38.Rd2 Qa4 39.Re1 Qb4 40.Ree2 h5 41.
h4 Kh6 42.g3 f6 43.Kg2 Kh7 44.Rb2 Qa3 45.Rb3 Qa4 46.Rbe3 Kh6 47.a3 Kh7 48.
Rb2 Kh6 49.Rb4 Qc2 50.Rbb3 Qa2 51.Rb7 Qc4 52.Rb4 Qc2 53.Reb3 Qa2 54.Rd3 
Qa1 55.Rb7 Qe1 56.Rb4 Qa1 57.a4 Qa2 58.Rd7 Qa3 59.Rdb7 Qa2 60.R7b5 Qa3 61.
a5 Qa2 62.Rb2 Qa4 63.R2b4 Qa2 64.Rd5 Kh7 65.Rd7 Kh6 66.Rd5 Kh7 67.Rc5 Kh6 
68.Rbc4 Kh7 69.Rc2 Qa3 70.Rd5 Kh6 71.Rcd2 Qa4 72.Re2 Qa3 73.Re3 Qa2 74.Rc5
Kh7 75.Rec3 Kh6 76.Rc2 Qa3 77.f3 Qa4 78.Re2 Qa3 79.Rec2 Qa4 80.Kf2 Qd4+ 
81.Kf1 Qa1+ 82.Rc1 Qa2 83.R1c2 Qa1+ 84.Rc1 Qa2 85.R1c3 1/2-1/2

[Event "38th NED-ch"]
[Site "Amsterdam NED"]
[Date "1982.03.13"]
[Round "1"]
[White "Witt, Rob"]
[Black "Bohm, Hans"]
[Result "1/2-1/2"]
[WhiteElo "2335"]
[BlackElo "2395"]
[EventDate "1982.03.13"]
[PlyCount "54"]

1.d4 f5 2.g3 Nf6 3.Bg2 e6 4.Nf3 d5 5.O-O Be7 6.c4 c6 7.Qc2 O-O 8.Nbd2 Bd7 
9.Ne5 Be8 10.Ndf3 h6 11.Nd3 Nbd7 12.Nfe5 Nxe5 13.Nxe5 g5 14.cxd5 cxd5 15.
Qb3 Qb6 16.Qxb6 axb6 17.f3 Kg7 18.Bd2 Bb5 19.Kf2 Bd6 20.Rfc1 Ra4 21.e3 g4 
22.f4 h5 23.a3 Ne4+ 24.Bxe4 fxe4 25.Rc2 Bxe5 26.dxe5 Bc6 27.Bc3 Kg6 
1/2-1/2

[Event "38th NED-ch"]
[Site "Amsterdam NED"]
[Date "1982.03.14"]
[Round "2"]
[White "Bohm, Hans"]
[Black "Ligterink, Gert"]
[Result "1/2-1/2"]
[WhiteElo "2395"]
[BlackElo "2455"]
[EventDate "1982.03.13"]
[PlyCount "42"]

1.e4 c5 2.c3 e6 3.d4 d5 4.e5 Nc6 5.Nf3 Bd7 6.a3 f6 7.exf6 Nxf6 8.Bd3 cxd4 
9.cxd4 Bd6 10.Nc3 O-O 11.O-O e5 12.dxe5 Nxe5 13.Nxe5 Bxe5 14.h3 Bc6 15.Bg5
h6 16.Bh4 Qb6 17.Qd2 d4 18.Bxf6 Rxf6 19.Ne4 Bxe4 20.Bxe4 Raf8 21.Bd3 Bc7 
1/2-1/2

[Event "38th NED-ch"]
[Site "Amsterdam NED"]
[Date "1982.03.14"]
[Round "2"]
[White "Kuijf, Marinus"]
[Black "Donner, Jan"]
[Result "1/2-1/2"]
[WhiteElo "2380"]
[BlackElo "2460"]
[EventDate "1982.03.13"]
[PlyCount "66"]

1.e4 e5 2.Nf3 Nc6 3.Bc4 Bc5 4.d3 Nf6 5.c3 a6 6.O-O d6 7.Bb3 O-O 8.Bg5 h6 
9.Bh4 g5 10.Bg3 Ba7 11.Nbd2 Kg7 12.Nc4 Ne7 13.Ne3 Nh5 14.d4 f6 15.Qd2 Qe8 
16.Rac1 Bd7 17.Bc2 Rd8 18.b3 Qg6 19.dxe5 dxe5 20.Nxe5 fxe5 21.Bxe5+ Kg8 
22.Bxc7 Nc6 23.Bxd8 Rxd8 24.Nd5 Qf7 25.b4 Ne5 26.Bb3 Kh8 27.c4 Nf4 28.Nxf4
gxf4 29.Kh1 Qf6 30.f3 Ba4 31.Qb2 Bxb3 32.axb3 Bd4 33.Qc2 Nc6 1/2-1/2

[Event "38th NED-ch"]
[Site "Amsterdam NED"]
[Date "1982.03.14"]
[Round "2"]
[White "Langeweg, Christian"]
[Black "Witt, Rob"]
[Result "1-0"]
[WhiteElo "2410"]
[BlackElo "2335"]
[EventDate "1982.03.13"]
[PlyCount "81"]

1.d4 Nf6 2.Nf3 d5 3.c4 dxc4 4.Nc3 a6 5.e4 b5 6.e5 Nd5 7.a4 c6 8.axb5 Nxc3 
9.bxc3 cxb5 10.Ng5 f6 11.Qf3 Ra7 12.e6 Qb6 13.d5 fxg5 14.Be3 Qc7 15.Be2 
Rb7 16.g3 Rb6 17.h4 g4 18.Qf7+ Kd8 19.h5 h6 20.O-O Bb7 21.Bxb6 Qxb6 22.
Bxg4 Qd6 23.Rfd1 Kc7 24.Rd4 Kb6 25.Rad1 a5 26.Rb1 Na6 27.Be2 Nc7 28.Bxc4 
Ka6 29.Bb3 Qc5 30.Rd3 a4 31.Ba2 Kb6 32.Rb4 Nxd5 33.Bxd5 Bxd5 34.Qe8 Bb7 
35.Rd7 Bc6 36.Qb8+ Ka6 37.Qc8+ Ka5 38.Qd8+ Ka6 39.Qc8+ Ka5 40.Rc7 Kb6 41.
c4 1-0

[Event "38th NED-ch"]
[Site "Amsterdam NED"]
[Date "1982.03.14"]
[Round "2"]
[White "Ree, Hans"]
[Black "Baljon, Christofoor"]
[Result "1-0"]
[WhiteElo "2475"]
[BlackElo "2320"]
[EventDate "1982.03.13"]
[PlyCount "74"]

1.d4 Nf6 2.c4 g6 3.Nc3 Bg7 4.e4 d6 5.f3 O-O 6.Be3 e5 7.d5 c5 8.g4 Na6 9.
Nge2 Nc7 10.Ng3 a6 11.a4 Bd7 12.a5 Rb8 13.Na4 Bxa4 14.Rxa4 b5 15.axb6 Rxb6
16.b3 Qb8 17.Ra3 a5 18.Bd3 Na6 19.Nf1 Nb4 20.Be2 Ra6 21.Nd2 Nd7 22.O-O Qd8
23.Nb1 f5 24.Nc3 Qh4 25.gxf5 gxf5 26.exf5 Rxf5 27.Bd3 e4 28.Nxe4 Bb2 29.
Ra4 Nb6 30.Rxb4 axb4 31.Qd2 Bd4 32.Bxd4 cxd4 33.c5 Ra7 34.cxb6 Rg7+ 35.Ng3
Rfg5 36.Rf2 Qh3 37.b7 Rxb7 1-0

[Event "38th NED-ch"]
[Site "Amsterdam NED"]
[Date "1982.03.14"]
[Round "2"]
[White "Scheeren, Peter"]
[Black "Kuijf, Hans"]
[Result "1-0"]
[WhiteElo "2430"]
[BlackElo "2320"]
[EventDate "1982.03.13"]
[PlyCount "39"]

1.d4 Nf6 2.c4 c5 3.d5 e5 4.Nc3 d6 5.e4 Be7 6.Nf3 O-O 7.Be2 Ne8 8.O-O Nd7 
9.Rb1 g6 10.Bh6 Ng7 11.Qd2 Kh8 12.Ne1 f5 13.exf5 gxf5 14.f4 e4 15.g4 Nf6 
16.g5 Ng8 17.Bxg7+ Kxg7 18.Bh5 Bd7 19.Ne2 Re8 20.Ng3 1-0

[Event "38th NED-ch"]
[Site "Amsterdam NED"]
[Date "1982.03.14"]
[Round "2"]
[White "Van der Wiel, John"]
[Black "Van der Sterren, Paul"]
[Result "1/2-1/2"]
[WhiteElo "2470"]
[BlackElo "2470"]
[EventDate "1982.03.13"]
[PlyCount "38"]

1.e4 g6 2.d4 Bg7 3.c3 d6 4.Nf3 Nf6 5.Bd3 O-O 6.O-O Nc6 7.Bg5 h6 8.Bh4 g5 
9.Bg3 Nh5 10.d5 Nb8 11.Nd4 Nxg3 12.hxg3 e5 13.Nc2 c6 14.Ne3 Nd7 15.Nd2 Nf6
16.g4 Re8 17.c4 Bd7 18.Re1 a6 19.Rc1 Rc8 1/2-1/2

[Event "38th NED-ch"]
[Site "Amsterdam NED"]
[Date "1982.03.15"]
[Round "3"]
[White "Baljon, Christofoor"]
[Black "Van der Wiel, John"]
[Result "0-1"]
[WhiteElo "2320"]
[BlackElo "2470"]
[EventDate "1982.03.13"]
[PlyCount "46"]

1.e4 e5 2.Nc3 Nf6 3.f4 d5 4.fxe5 Nxe4 5.Qf3 Nxc3 6.dxc3 Be6 7.Bf4 c5 8.
O-O-O Qc7 9.Nh3 Nc6 10.Ng5 O-O-O 11.Nxe6 fxe6 12.Qh3 Qf7 13.g3 Be7 14.c4 
g5 15.cxd5 gxf4 16.dxc6 Rxd1+ 17.Kxd1 fxg3 18.Qxg3 Qh5+ 19.Kd2 Rd8+ 20.Kc3
Qd1 21.Qf2 Rf8 22.Bg2 Qg4 23.cxb7+ Kb8 0-1

[Event "38th NED-ch"]
[Site "Amsterdam NED"]
[Date "1982.03.15"]
[Round "3"]
[White "Donner, Jan"]
[Black "Bohm, Hans"]
[Result "1-0"]
[WhiteElo "2460"]
[BlackElo "2395"]
[EventDate "1982.03.13"]
[PlyCount "37"]

1.d4 e6 2.c4 Nf6 3.Nc3 d5 4.cxd5 exd5 5.Bg5 c6 6.e3 Nbd7 7.Bd3 Bd6 8.Nf3 
Nf8 9.Bh4 Ng6 10.Bg3 O-O 11.Qc2 Re8 12.O-O Bxg3 13.hxg3 Qe7 14.Nd2 Ng4 15.
Rfe1 Qf6 16.Nf3 h5 17.e4 dxe4 18.Nxe4 Qd8 19.Neg5 1-0

[Event "38th NED-ch"]
[Site "Amsterdam NED"]
[Date "1982.03.15"]
[Round "3"]
[White "Ligterink, Gert"]
[Black "Langeweg, Christian"]
[Result "1-0"]
[WhiteElo "2455"]
[BlackElo "2410"]
[EventDate "1982.03.13"]
[PlyCount "49"]

1.e4 c5 2.Nf3 e6 3.d4 cxd4 4.Nxd4 Nc6 5.Nc3 a6 6.Be2 d6 7.Be3 Nf6 8.O-O 
Be7 9.f4 Qc7 10.Qe1 O-O 11.Qg3 Nxd4 12.Bxd4 b5 13.a3 Bb7 14.Kh1 Bc6 15.
Rae1 Rac8 16.Bd3 e5 17.fxe5 Nh5 18.Qh3 dxe5 19.Bxe5 Qxe5 20.Rf5 Ng3+ 21.
hxg3 Qe6 22.Nd5 g6 23.Nf4 Qa2 24.e5 Bd7 25.Qh6 1-0

[Event "38th NED-ch"]
[Site "Amsterdam NED"]
[Date "1982.03.15"]
[Round "3"]
[White "Van der Sterren, Paul"]
[Black "Scheeren, Peter"]
[Result "1-0"]
[WhiteElo "2470"]
[BlackElo "2430"]
[EventDate "1982.03.13"]
[PlyCount "81"]

1.d4 Nf6 2.c4 g6 3.Nc3 Bg7 4.e4 d6 5.f3 O-O 6.Be3 e5 7.d5 c6 8.Qd2 cxd5 9.
cxd5 Na6 10.Bb5 Ne8 11.Nge2 Nec7 12.Ba4 f5 13.exf5 gxf5 14.O-O Bd7 15.Bc2 
Nb5 16.Rac1 Nxc3 17.Nxc3 b5 18.Ne2 b4 19.Bd3 Qa5 20.a3 Rfb8 21.Bh6 f4 22.
Bxg7 Kxg7 23.Nxf4 exf4 24.Qxf4 Bb5 25.Qg5+ Kh8 26.Qf6+ Kg8 27.Bf5 Qb6+ 28.
Kh1 Re8 29.Be6+ Rxe6 30.Qxe6+ Kg7 31.Qe7+ Kg8 32.Qg5+ Kf7 33.Rfe1 Qd8 34.
Qf5+ Kg7 35.Qg4+ Kh8 36.Qd4+ Kg8 37.Qg4+ Kh8 38.Qd4+ Kg8 39.Re4 Bd7 40.
Rce1 Rc8 41.h3 1-0

[Event "38th NED-ch"]
[Site "Amsterdam NED"]
[Date "1982.03.15"]
[Round "3"]
[White "Witt, Rob"]
[Black "Ree, Hans"]
[Result "1/2-1/2"]
[WhiteElo "2335"]
[BlackElo "2475"]
[EventDate "1982.03.13"]
[PlyCount "81"]

1.d4 Nf6 2.c4 c5 3.d5 g6 4.Nc3 Bg7 5.e4 d6 6.Nf3 O-O 7.h3 a6 8.a4 e6 9.Bd3
exd5 10.exd5 Nbd7 11.O-O Ne8 12.Bg5 f6 13.Be3 Ne5 14.Nxe5 fxe5 15.Ne4 Nf6 
16.Bg5 Bf5 17.Qc2 Qd7 18.Ra3 Bxe4 19.Bxe4 b5 20.axb5 axb5 21.Rfa1 Rxa3 22.
Rxa3 Nxe4 23.Qxe4 bxc4 24.Qxc4 Qf5 25.Be3 Qb1+ 26.Kh2 e4 27.g3 Bd4 28.Qe2 
Qxb2 29.Qxb2 Bxb2 30.Ra4 Rf5 31.Rxe4 Rxd5 32.Re7 h5 33.Kg2 Kf8 34.Rc7 Rf5 
35.Kf1 Ke8 36.Ke2 Rf7 37.Rc6 Kd7 38.Rb6 Bf6 39.Kd3 Kc7 40.Ra6 Kb7 41.Rxd6 
1/2-1/2

[Event "38th NED-ch"]
[Site "Amsterdam NED"]
[Date "1982.03.17"]
[Round "4"]
[White "Kuijf, Hans"]
[Black "Van der Sterren, Paul"]
[Result "0-1"]
[WhiteElo "2320"]
[BlackElo "2470"]
[EventDate "1982.03.13"]
[PlyCount "44"]

1.e4 c5 2.Nf3 e6 3.d3 d5 4.Nbd2 Nc6 5.g3 Bd6 6.Bg2 Nge7 7.O-O O-O 8.Re1 
Bc7 9.c3 b6 10.Qc2 a5 11.a3 Ba6 12.exd5 exd5 13.Nf1 d4 14.cxd4 cxd4 15.Ng5
h6 16.Nh3 Rc8 17.Bxc6 Bb8 18.Rxe7 Qxe7 19.Qa4 Qe1 20.Bxh6 Qxa1 21.Bxg7 
Bxd3 22.Bg2 Rc1 0-1

[Event "38th NED-ch"]
[Site "Amsterdam NED"]
[Date "1982.03.17"]
[Round "4"]
[White "Kuijf, Marinus"]
[Black "Bohm, Hans"]
[Result "0-1"]
[WhiteElo "2380"]
[BlackElo "2395"]
[EventDate "1982.03.13"]
[PlyCount "74"]

1.e4 e6 2.d4 d5 3.Nc3 Bb4 4.Ne2 dxe4 5.a3 Be7 6.Nxe4 Nf6 7.Qd3 Nbd7 8.Bf4 
O-O 9.O-O-O b6 10.h4 Bb7 11.Ng5 c5 12.dxc5 Nxc5 13.Qh3 Qc8 14.Nc3 Rd8 15.
Be2 Rxd1+ 16.Rxd1 a6 17.Qe3 h6 18.Nf3 Ng4 19.Qd4 Qd8 20.Qc4 Qf8 21.Bg3 Nf6
22.Be5 Rc8 23.Qf4 b5 24.g4 Nfe4 25.g5 h5 26.Nd2 Nxc3 27.Bxc3 Na4 28.Bb4 g6
29.Ne4 Bxe4 30.Qxe4 Bxb4 31.Qxb4 Rc5 32.Rd7 Rxc2+ 33.Kxc2 Qc8+ 34.Kb1 Qxd7
35.Qf4 Qd5 36.Ka1 e5 37.Qf6 Qd4 0-1

[Event "38th NED-ch"]
[Site "Amsterdam NED"]
[Date "1982.03.17"]
[Round "4"]
[White "Langeweg, Christian"]
[Black "Donner, Jan"]
[Result "1/2-1/2"]
[WhiteElo "2410"]
[BlackElo "2460"]
[EventDate "1982.03.13"]
[PlyCount "27"]

1.d4 d5 2.Nf3 Nf6 3.c4 e6 4.Nc3 Be7 5.Bf4 O-O 6.e3 c5 7.dxc5 Bxc5 8.cxd5 
Nxd5 9.Nxd5 exd5 10.a3 Nc6 11.Bd3 Bb6 12.h3 Qf6 13.Rb1 Bf5 14.O-O 1/2-1/2

[Event "38th NED-ch"]
[Site "Amsterdam NED"]
[Date "1982.03.17"]
[Round "4"]
[White "Scheeren, Peter"]
[Black "Baljon, Christofoor"]
[Result "1-0"]
[WhiteElo "2430"]
[BlackElo "2320"]
[EventDate "1982.03.13"]
[PlyCount "47"]

1.d4 Nf6 2.c4 g6 3.Nc3 Bg7 4.e4 O-O 5.Nf3 d6 6.Be2 e5 7.Be3 Qe7 8.dxe5 
dxe5 9.Nd5 Nxd5 10.cxd5 c6 11.d6 Qe6 12.Ng5 Qf6 13.Qd2 h6 14.Nf3 Rd8 15.
O-O-O Bg4 16.Bxh6 Bxh6 17.Qxh6 Bxf3 18.gxf3 Rxd6 19.Rxd6 Qxd6 20.Bc4 b5 
21.Rd1 Qxd1+ 22.Kxd1 bxc4 23.Qd2 Na6 24.Qa5 1-0

[Event "38th NED-ch"]
[Site "Amsterdam NED"]
[Date "1982.03.17"]
[Round "4"]
[White "Van der Wiel, John"]
[Black "Witt, Rob"]
[Result "1-0"]
[WhiteElo "2470"]
[BlackElo "2335"]
[EventDate "1982.03.13"]
[PlyCount "113"]

1.e4 c5 2.Nf3 d6 3.d4 cxd4 4.Nxd4 Nf6 5.Nc3 a6 6.Bg5 e6 7.f4 Qb6 8.Qd2 
Qxb2 9.Nb3 Qa3 10.Bxf6 gxf6 11.Be2 Nc6 12.O-O Bd7 13.f5 Ne5 14.fxe6 fxe6 
15.Bh5+ Kd8 16.Ne2 Rc8 17.Nf4 Rc4 18.Qf2 Bg7 19.Nd4 Ke7 20.Be2 Rxd4 21.
Qxd4 Qc5 22.c3 Nc6 23.Qxc5 dxc5 24.Nh5 Rg8 25.Rab1 Bc8 26.Nxg7 Rxg7 27.Rf4
Ne5 28.Rh4 Nd7 29.Rf1 b6 30.Rff4 Bb7 31.Rfg4 Kf8 32.Rxg7 Kxg7 33.Kf2 Ne5 
34.Ke3 b5 35.Rf4 Bc6 36.Rf1 Kf7 37.Rb1 Ke7 38.Kf4 Kd6 39.Rd1+ Kc7 40.Ke3 
a5 41.Rf1 Nd7 42.Rf4 Kd6 43.Rg4 Ke5 44.Rg7 h6 45.Rh7 c4 46.Bf3 b4 47.cxb4 
axb4 48.Rxh6 b3 49.axb3 cxb3 50.Rh5+ f5 51.exf5 b2 52.fxe6+ Kxe6 53.Bg4+ 
Kf7 54.Bf5 Nf6 55.Rh4 Ne4 56.Rf4 Nc3 57.Kd2 1-0

[Event "38th NED-ch"]
[Site "Amsterdam NED"]
[Date "1982.03.18"]
[Round "5"]
[White "Baljon, Christofoor"]
[Black "Kuijf, Hans"]
[Result "1-0"]
[WhiteElo "2320"]
[BlackElo "2320"]
[EventDate "1982.03.13"]
[PlyCount "115"]

1.e4 c5 2.Nf3 e6 3.d4 cxd4 4.Nxd4 Nf6 5.Nc3 d6 6.f4 Be7 7.Be3 O-O 8.Qf3 e5
9.Nf5 Bxf5 10.exf5 Qa5 11.g4 e4 12.Qd1 Rc8 13.g5 Rxc3 14.bxc3 Nd5 15.Qd2 
Nxe3 16.Qxe3 d5 17.Rb1 Bc5 18.Qd2 Nc6 19.g6 Qxa2 20.gxf7+ Kf8 21.Rd1 Qa5 
22.f6 gxf6 23.Bh3 Nd4 24.Bg4 f5 25.Bh5 Ne6 26.Kf1 Rd8 27.Qg2 Ng7 28.Qg5 
Rd6 29.c4 Qc3 30.Be2 Kxf7 31.Rxd5 Rxd5 32.cxd5 Qd4 33.Bh5+ Nxh5 34.Qxh5+ 
Ke7 35.Qxh7+ Kd6 36.Qg6+ Kc7 37.Qf7+ Kb6 38.Qg6+ Ka5 39.Qg3 Qxd5 40.Qc3+ 
Ka6 41.Ke2 b6 42.Rd1 Qf7 43.Kd2 e3+ 44.Kc1 Qa2 45.Rd7 Qa4 46.Qg7 b5 47.Qe5
Bb6 48.Kd1 Qa2 49.Qxf5 Qb1+ 50.Ke2 Qg1 51.Rd1 Qxh2+ 52.Kd3 Qh8 53.c3 Qd8+ 
54.Ke2 Qg8 55.Qd5 Qg6 56.Ra1+ Ba5 57.Kxe3 Kb6 58.Qd4+ 1-0

[Event "38th NED-ch"]
[Site "Amsterdam NED"]
[Date "1982.03.18"]
[Round "5"]
[White "Bohm, Hans"]
[Black "Langeweg, Christian"]
[Result "0-1"]
[WhiteElo "2395"]
[BlackElo "2410"]
[EventDate "1982.03.13"]
[PlyCount "50"]

1.c4 e6 2.Nf3 Nf6 3.g3 d5 4.Bg2 c5 5.d4 cxd4 6.Nxd4 e5 7.Nb3 d4 8.f4 Nc6 
9.Bxc6+ bxc6 10.fxe5 Ng4 11.Qxd4 Qxd4 12.Nxd4 Nxe5 13.Nd2 Bh3 14.N4f3 
Nxf3+ 15.exf3 O-O-O 16.Kd1 Bg2 17.Re1 Bxf3+ 18.Kc2 Bg4 19.Nb1 Be6 20.Bg5 
Rd7 21.b3 Bb4 22.Bd2 Bf5+ 23.Kc1 Rxd2 24.Nxd2 Rd8 25.Re2 Bc3 0-1

[Event "38th NED-ch"]
[Site "Amsterdam NED"]
[Date "1982.03.18"]
[Round "5"]
[White "Ligterink, Gert"]
[Black "Van der Wiel, John"]
[Result "1/2-1/2"]
[WhiteElo "2455"]
[BlackElo "2470"]
[EventDate "1982.03.13"]
[PlyCount "144"]

1.d4 Nf6 2.c4 e6 3.Nc3 Bb4 4.e3 c5 5.Ne2 cxd4 6.exd4 d5 7.c5 Ne4 8.Bd2 
Nxd2 9.Qxd2 a5 10.a3 Bxc3 11.Nxc3 a4 12.Bb5+ Bd7 13.O-O O-O 14.f4 Bxb5 15.
Nxb5 Qd7 16.Nd6 f5 17.Rf3 Nc6 18.b4 axb3 19.Rxb3 Rfb8 20.Rab1 Ra7 21.Qe3 
Nd8 22.Rb6 Rba8 23.R1b3 Qe7 24.Nxf5 Qf6 25.Nd6 Nc6 26.Rxb7 Rxb7 27.Rxb7 
Nxd4 28.Rf7 Qg6 29.Qxd4 Qb1+ 30.Kf2 Qc2+ 31.Ke1 Qc1+ 32.Ke2 Qc2+ 33.Qd2 
Qxc5 34.Qb2 d4 35.Rxg7+ Kxg7 36.Qb7+ Kg6 37.Qf7+ Kh6 38.Qxe6+ Kg7 39.Nf5+ 
Kf8 40.Qf6+ Ke8 41.Qe6+ Kf8 42.Qf6+ Ke8 43.Qh8+ Qf8 44.Qe5+ Kd7 45.Qxd4+ 
Kc7 46.Qc4+ Kb6 47.Qe6+ Kc7 48.Qc4+ Kb6 49.Nd4 Qe7+ 50.Kd2 Qd6 51.Qb5+ Kc7
52.Qc4+ Kb6 53.Qb4+ Qxb4+ 54.axb4 Ra2+ 55.Nc2 Kc6 56.Kd3 Rb2 57.g4 Kd6 58.
h4 Rb3+ 59.Kd4 Rb2 60.Kc3 Rb1 61.Ne3 Rc1+ 62.Kd4 Rb1 63.Kc3 Rc1+ 64.Kd4 
Rb1 65.Nc4+ Ke6 66.Kc5 Rg1 67.Ne3 Rc1+ 68.Kd4 Rb1 69.f5+ Kd7 70.Ke5 Rxb4 
71.Nd5 Rb1 72.f6 Ke8 1/2-1/2

[Event "38th NED-ch"]
[Site "Amsterdam NED"]
[Date "1982.03.18"]
[Round "5"]
[White "Van der Sterren, Paul"]
[Black "Kuijf, Marinus"]
[Result "1/2-1/2"]
[WhiteElo "2470"]
[BlackElo "2380"]
[EventDate "1982.03.13"]
[PlyCount "45"]

1.d4 d5 2.c4 e6 3.Nf3 c6 4.Nc3 Nf6 5.e3 Nbd7 6.Bd3 Bb4 7.O-O O-O 8.Bd2 Bd6
9.Qc2 dxc4 10.Bxc4 e5 11.Rfe1 h6 12.Bb3 exd4 13.exd4 Nb6 14.Bxh6 gxh6 15.
Qg6+ Kh8 16.Qxh6+ Nh7 17.Ne4 Be7 18.Nf6 Bf5 19.Nxh7 Bxh7 20.Rxe7 Qxe7 21.
Re1 Qd7 22.Qf6+ Kg8 23.Qg5+ 1/2-1/2

[Event "38th NED-ch"]
[Site "Amsterdam NED"]
[Date "1982.03.18"]
[Round "5"]
[White "Witt, Rob"]
[Black "Scheeren, Peter"]
[Result "1/2-1/2"]
[WhiteElo "2335"]
[BlackElo "2430"]
[EventDate "1982.03.13"]
[PlyCount "39"]

1.c4 Nf6 2.Nc3 e6 3.Nf3 Bb4 4.Qc2 O-O 5.a3 Bxc3 6.Qxc3 b6 7.b4 d5 8.e3 Bb7
9.Bb2 dxc4 10.Bxc4 Nbd7 11.O-O c5 12.Be2 Rc8 13.b5 e5 14.d3 Nd5 15.Qb3 Qe7
16.Nd2 Kh8 17.Bf3 Qe6 18.Rad1 Rc7 19.g3 Re8 20.Bg2 1/2-1/2

[Event "38th NED-ch"]
[Site "Amsterdam NED"]
[Date "1982.03.19"]
[Round "6"]
[White "Kuijf, Hans"]
[Black "Witt, Rob"]
[Result "1/2-1/2"]
[WhiteElo "2320"]
[BlackElo "2335"]
[EventDate "1982.03.13"]
[PlyCount "41"]

1.e4 e6 2.d4 d5 3.Nc3 Bb4 4.Ne2 dxe4 5.a3 Be7 6.Nxe4 b6 7.Qd3 Bb7 8.Bf4 
Nf6 9.N2c3 Nd5 10.Nxd5 exd5 11.Nc3 c6 12.Qg3 O-O 13.Bd3 Bh4 14.Qf3 Re8+ 
15.Ne2 Ba6 16.O-O-O Bxd3 17.Rxd3 Nd7 18.Ng3 Bg5 19.Re3 Bxf4 20.Qxf4 Qf6 
21.Qxf6 1/2-1/2

[Event "38th NED-ch"]
[Site "Amsterdam NED"]
[Date "1982.03.19"]
[Round "6"]
[White "Kuijf, Marinus"]
[Black "Langeweg, Christian"]
[Result "1/2-1/2"]
[WhiteElo "2380"]
[BlackElo "2410"]
[EventDate "1982.03.13"]
[PlyCount "32"]

1.e4 e6 2.d4 d5 3.Nd2 a6 4.Ngf3 c5 5.dxc5 Bxc5 6.Bd3 Nc6 7.O-O Nge7 8.a3 
O-O 9.b4 Ba7 10.Bb2 Ng6 11.c4 d4 12.c5 e5 13.Nc4 Bg4 14.h3 Be6 15.Bc1 h6 
16.Bd2 Qf6 1/2-1/2

[Event "38th NED-ch"]
[Site "Amsterdam NED"]
[Date "1982.03.19"]
[Round "6"]
[White "Ree, Hans"]
[Black "Bohm, Hans"]
[Result "1/2-1/2"]
[WhiteElo "2475"]
[BlackElo "2395"]
[EventDate "1982.03.13"]
[PlyCount "29"]

1.d4 e6 2.c4 Nf6 3.Nf3 d5 4.Nc3 Be7 5.Bg5 O-O 6.Qc2 h6 7.Bh4 b6 8.Bxf6 
Bxf6 9.e4 c6 10.Rd1 Ba6 11.cxd5 cxd5 12.exd5 exd5 13.Bxa6 Nxa6 14.O-O Nc7 
15.Rfe1 1/2-1/2

[Event "38th NED-ch"]
[Site "Amsterdam NED"]
[Date "1982.03.19"]
[Round "6"]
[White "Scheeren, Peter"]
[Black "Ligterink, Gert"]
[Result "1/2-1/2"]
[WhiteElo "2430"]
[BlackElo "2455"]
[EventDate "1982.03.13"]
[PlyCount "144"]

1.d4 g6 2.e4 d6 3.Nf3 Bg7 4.Bc4 c5 5.dxc5 Qa5+ 6.c3 Qxc5 7.Qb3 e6 8.Be3 
Qc7 9.Na3 a6 10.Rd1 Nf6 11.e5 Nd5 12.exd6 Qxd6 13.Bxd5 exd5 14.Rxd5 Qc6 
15.Qd1 O-O 16.O-O Be6 17.Rd6 Qc7 18.Bb6 Qc8 19.Bd4 Bh6 20.Ne5 Re8 21.Qf3 
Bg7 22.b3 Qc7 23.Nec4 Nc6 24.Bxg7 Kxg7 25.Rdd1 Rad8 26.h3 b5 27.Ne3 Ne5 
28.Qg3 f6 29.Nac2 Bc8 30.Nd4 Kh8 31.c4 bxc4 32.Nxc4 Bb7 33.Qh4 Kg7 34.Ne3 
Qf7 35.Qf4 a5 36.Rd2 Rd7 37.Rfd1 Red8 38.Ng4 Nxg4 39.hxg4 Rd5 40.Nf3 g5 
41.Qe3 Re8 42.Qc3 Rc8 43.Qe3 Re8 44.Qb6 Re6 45.Rxd5 Rxb6 46.Rd7 Bxf3 47.
gxf3 a4 48.bxa4 Rb2 49.Rxf7+ Kxf7 50.Rd4 Rxa2 51.f4 gxf4 52.Rxf4 Kg6 53.
Kg2 h5 54.Kg3 Ra3+ 55.f3 hxg4 56.Rxg4+ Kf5 57.Rb4 Kg5 58.Kf2 f5 59.f4+ Kg4
60.Ke2 Rh3 61.Rc4 Ra3 62.Kd2 Rh3 63.Kc2 Ra3 64.Rd4 Re3 65.Kb2 Rh3 66.a5 
Re3 67.a6 Re7 68.Ra4 Ra7 69.Kc3 Kf3 70.Kd3 Kg3 71.Kd4 Kxf4 72.Kd5+ Kg3 
1/2-1/2

[Event "38th NED-ch"]
[Site "Amsterdam NED"]
[Date "1982.03.19"]
[Round "6"]
[White "Van der Sterren, Paul"]
[Black "Baljon, Christofoor"]
[Result "1-0"]
[WhiteElo "2470"]
[BlackElo "2320"]
[EventDate "1982.03.13"]
[PlyCount "67"]

1.d4 Nf6 2.c4 g6 3.Nc3 Bg7 4.e4 O-O 5.Be3 d6 6.f3 e5 7.d5 c5 8.g4 Na6 9.
Nge2 Nc7 10.Ng3 a6 11.a4 Rb8 12.Qd2 Bd7 13.h4 b5 14.h5 bxa4 15.hxg6 fxg6 
16.Qh2 Kf7 17.g5 Nfe8 18.Bd3 Rb3 19.Nf5 a3 20.Rxa3 Rxa3 21.bxa3 gxf5 22.
exf5 e4 23.Qxh7 Nf6 24.gxf6 Qxf6 25.Nxe4 Qa1+ 26.Kf2 Qb2+ 27.Kg3 Ne8 28.f6
Rg8 29.Ng5+ Kf8 30.fxg7+ Rxg7 31.Qh6 Ke7 32.Bf4 Qd4 33.Bg6 Qf6 34.Bxe8 1-0